00266nam a2200109 4500082001200000100002300012245003400035250001200069260003300081300000900114650003300123 a541 PAL aPalit,Santi Ranjan aElementary Physical Chemistry a10th.ed aCalcuttabH.Chatterjeec1956 a425p achemistry,physical chemistry